整理番号→IKST - Statistics

General Stats
  • This quiz has been taken 21 times
  • The average score is 30 of 37
Answer Stats
Hint Answer % Correct
首都圏1番 JRE-IKST-007
94%
首都圏3番 JRE-IKST-021
94%
首都圏15番 JRE-IKST-001
88%
首都圏10番 JRE-IKST-003
88%
首都圏14番 JRE-IKST-004
88%
首都圏13番 JRE-IKST-005
88%
首都圏5番 JRE-IKST-006
88%
首都圏16番 JRE-IKST-008
88%
首都圏6番 JRE-IKST-009
88%
首都圏11番 JRE-IKST-010
88%
首都圏7番 JRE-IKST-011
88%
首都圏9番 JRE-IKST-012
88%
首都圏12番 JRE-IKST-013
88%
首都圏4番 JRE-IKST-015
88%
首都圏8番 JRE-IKST-016
88%
首都圏2番 JRE-IKST-017
88%
東北101番 JRE-IKST-101
88%
首都圏17番 JRE-IKST-002
82%
首都圏20番 JRE-IKST-014
82%
首都圏19番 JRE-IKST-018
82%
首都圏18番 JRE-IKST-019
82%
首都圏24番 JRE-IKST-023
82%
東北102番 JRE-IKST-036
82%
首都圏21番 JRE-IKST-020
76%
首都圏26番 JRE-IKST-025
76%
首都圏25番 JRE-IKST-026
76%
首都圏27番 JRE-IKST-028
76%
首都圏32番 JRE-IKST-031
76%
首都圏28番 JRE-IKST-038
76%
首都圏37番 JRE-IKST-047
76%
首都圏30番 JRE-IKST-102
76%
首都圏31番 JRE-IKST-105
76%
首都圏33番 JRE-IKST-027
71%
首都圏35番 JRE-IKST-042
71%
首都圏38番 JRE-IKST-044
71%
首都圏36番 JRE-IKST-022
65%
首都圏34番 JRE-IKST-039
65%
No matching quizzes found
Score Distribution
Percent of People with Each Score
Percentile by Number Answered
Your Score History
You have not taken this quiz